Windows NT event logging

Saved in:
Bibliographic Details
Main Author: Murray, James D.
Format: Book
Language:English
Published: Beijing : Cambridge : O'Reilly, c1998
Subjects:
Tags: Add Tag
No Tags, Be the first to tag this record!

MARC

LEADER 00000cam a2200000 i 4500
001 1/3516
008 000521s1998 eng d
020 |a 1-56592-514-9 
035 |l 10060824 
040 |a GR-MY-UA  |b gre  |e aacr 
041 0 |a eng 
082 0 |a 005.44769 
100 1 |a Murray, James D. 
245 1 0 |a Windows NT event logging /  |c James D. Murray 
260 |a Beijing :   |a Cambridge :   |b O'Reilly,   |c c1998 
300 |a xvii, 295 p.;  |b ill.;  |c 24 cm.+  |e 1 computer laser optical disc (4 3/4 in.) 
504 |a Includes index 
650 0 0 |a Operating systems (Computers) 
852 |a INST  |b SAMOS  |e 20000521  |h 005.44769 MUR  |p 005300015476  |q 005300015476  |t BK  |y 0 
852 |a INST  |b SAMOS  |e 20000521  |h 005.44769 MUR   |p 005300015475  |q 005300015475  |t BK  |y 0 
901 |a BIBL3-2000-2 
909 |a Σ  |b 067644 
909 |a Σ  |b 067647 
922 |a 3ΕΛΗ  |b 200001  |c ΤΠΕΣ/ΤΑΚΤ  |d ΠΑΠΑΣΩΤΗΡΙΟΥ 
970 |z 2000/05/ΜΠΡΑΤΤΗΣ